[Event "Bosnjaci op 9th"]
[Site "Bosnjaci"]
[Date "2003.01.04"]
[Round "2"]
[White "Perlic, Pavo"]
[Black "Franic, Milan"]
[Result "0-1"]
[WhiteElo "2148"]
[BlackElo "2425"]
[PlyCount "80"]
[EventDate "2003.01.03"]
[EventType "swiss"]
[EventRounds "7"]
[EventCountry "CRO"]
[SourceTitle "EXT 2004"]
[Source "ChessBase"]
[SourceDate "2003.11.25"]
[SourceVersion "1"]
[SourceVersionDate "2003.11.25"]
[SourceQuality "1"]

1. d4 Nf6 2. Nc3 d5 3. f3 c5 4. e3 Nc6 5. Bb5 e6 6. Nge2 Bd6 7. 0-0 Qc7 8. f4 0-0 9. Bxc6 bxc6 10. Qe1 Ba6 11. Rf3 g6 12. Rh3 Ne8 13. Kh1 f6 14. Bd2 e5 15. Qf2 Ng7 16. g4 Rab8 17. b3 cxd4 18. exd4 exd4 19. Nxd4 g5 20. Re1 Qd7 21. f5 Rfe8 22. Rh6 Rxe1+ 23. Qxe1 Re8 24. Qf2 Bb7 25. Rxf6 Be5 26. Rh6 c5 27. Nf3 d4 28. Ne2 d3 29. Nc1 dxc2 30. Bxg5 Qd1+ 31. Kg2 Bb2 32. Kg3 Bxc1 33. Bxc1 Qxc1 34. Re6 Nxe6 35. fxe6 Bxf3 36. Qxf3 Qe1+ 37. Kh3 Qxe6 38. Qh1 Qh6+ 39. Kg3 Re3+ 40. Kg2 Qc6+ 0-1

[Event "Bosnjaci op 8th"]
[Site "Bosnjaci"]
[Date "2002.01.06"]
[Round "6"]
[White "Aleksic, Robert"]
[Black "Perlic, Pavo"]
[Result "0-1"]
[WhiteElo "2229"]
[BlackElo "2127"]
[PlyCount "77"]
[EventDate "2002.01.03"]
[EventType "swiss"]
[EventRounds "7"]
[EventCountry "CRO"]
[SourceTitle "CBM 086 Extra"]
[Source "ChessBase"]
[SourceDate "2002.03.14"]
[SourceVersion "1"]
[SourceVersionDate "2002.03.14"]
[SourceQuality "1"]

1. e4 c5 2. Nf3 Nc6 3. d4 cxd4 4. Nxd4 d6 5. Be2 Nf6 6. Nc3 g6 7. Be3 Bg7 8. 0-0 Bd7 9. Kh1 0-0 10. Nb3 Qc8 11. f3 Be6 12. Qd2 Kh8 13. Bh6 Ne5 14. Bxg7+ Kxg7 15. Nd4 Bc4 16. b3 Bxe2 17. Ncxe2 Qc5 18. c4 Rfc8 19. Nc3 Nc6 20. Nde2 a6 21. Na4 Qa7 22. Rac1 b5 23. Nb2 Qb6 24. g3 Rc7 25. Kg2 Rac8 26. Rfd1 Ne5 27. cxb5 axb5 28. Rxc7 Rxc7 29. Rc1 Rxc1 30. Nxc1 Qc5 31. Ne2 Qa7 32. a4 bxa4 33. bxa4 Qb6 34. Qc3 Nc6 35. g4 e5 36. Nc4 Qa6 37. Qb3 d5 38. exd5 Na5 39. Qb5 0-1

[Event "Bosnjaci op 8th"]
[Site "Bosnjaci"]
[Date "2002.01.06"]
[Round "7"]
[White "Perlic, Pavo"]
[Black "Martic, Zlatko"]
[Result "0-1"]
[WhiteElo "2127"]
[BlackElo "2246"]
[PlyCount "74"]
[EventDate "2002.01.03"]
[EventType "swiss"]
[EventRounds "7"]
[EventCountry "CRO"]
[SourceTitle "CBM 086 Extra"]
[Source "ChessBase"]
[SourceDate "2002.03.14"]
[SourceVersion "1"]
[SourceVersionDate "2002.03.14"]
[SourceQuality "1"]

1. f4 Nf6 2. Nf3 g6 3. d3 Bg7 4. e4 d6 5. Be2 c5 6. Nbd2 0-0 7. 0-0 Nc6 8. c3 d5 9. e5 Ng4 10. Nb3 b6 11. h3 Nh6 12. g4 f6 13. d4 c4 14. Nbd2 b5 15. exf6 exf6 16. Re1 Qd6 17. Nf1 Bd7 18. Bd2 Rfe8 19. Be3 Nf7 20. Qd2 Bh6 21. Bd1 Re7 22. Bc2 Rae8 23. Qf2 Bxf4 24. Bxf4 Qxf4 25. Rxe7 Rxe7 26. Kg2 Nd6 27. Re1 Rxe1 28. Qxe1 Kf7 29. Qh4 Kg7 30. Qe1 f5 31. Ne5 Nxe5 32. dxe5 Ne4 33. Bxe4 dxe4 34. Qd1 Bc6 35. Qe2 e3+ 36. Kg1 Qe4 37. Kh2 f4 0-1